Criminal Major Acts (Record no. 20762)
[ view plain ]
| 000 -LEADER | |
|---|---|
| fixed length control field | 00250nam a22001097a 4500 |
| 008 - FIXED-LENGTH DATA ELEMENTS--GENERAL INFORMATION | |
| fixed length control field | 240711b |||||||| |||| 00| 0 eng d |
| 100 ## - MAIN ENTRY--AUTHOR NAME | |
| Personal name | S. Sarkar |
| 245 ## - TITLE STATEMENT | |
| Title | Criminal Major Acts |
| 260 ## - PUBLICATION, DISTRIBUTION, ETC. (IMPRINT) | |
| Place of publication | Delhi |
| Name of publisher | Lexman |
| Year of publication | 2024 |
| 300 ## - PHYSICAL DESCRIPTION | |
| Number of Pages | 681 |
| 942 ## - ADDED ENTRY ELEMENTS (KOHA) | |
| Source of classification or shelving scheme | Dewey Decimal Classification |
| Koha item type | Books |
| Accession Number | Bill Date | Source of acquisition | Price effective from | Koha item type | Withdrawn / writtenoff status | Damaged status | Not for loan | Permanent Location | Current Location | Shelving location | Date acquired | Lost/ Missing status | department |
|---|---|---|---|---|---|---|---|---|---|---|---|---|---|
| LLB 1272 | 27-6-2024 | Taneja Law House | 07/11/2024 | Books | Not For Loan | MIET Library, Jammu | MIET Library, Jammu | 180/4 | 07/10/2024 | BBA LLB | |||
| LLB 1273 | 27-6-2024 | Taneja Law House | 07/11/2024 | Books | MIET Library, Jammu | MIET Library, Jammu | 177/6 | 07/10/2024 | BBA LLB | ||||
| LLB 1274 | 27-6-2024 | Taneja Law House | 07/11/2024 | Books | MIET Library, Jammu | MIET Library, Jammu | 177/6 | 07/10/2024 | BBA LLB |